| 000 | 01001nam a22002657a 4500 | ||
|---|---|---|---|
| 005 | 20150122103254.0 | ||
| 008 | 130830s2012 ck a gr 00010 spa d | ||
| 020 | _a9789589932346 | ||
| 040 |
_aCO-BoIAVH _cCO-BoIAVH |
||
| 041 | 0 | _aspa | |
| 044 | _ack | ||
| 082 | 0 | 4 |
_a363.738 _bA17a |
| 245 | 0 | 0 |
_aAcciones y actores locales para cambios globales : _bciudades y cambio climático / _ccompiladores Fabrice Richy, Ricardo Montezuma. |
| 260 |
_aBogotá _bOrganización Panamericana de la Salud : _bFundación Ciudad Humana, _c[2012?] |
||
| 300 |
_a243 p. : _bil. ; _c22 x 29 cm. |
||
| 504 | _aIncluye bibliografías. | ||
| 630 | 1 | 0 |
_aPacto de Ciudad de México. _924368 |
| 650 | 4 |
_aCambios climáticos. _931891 |
|
| 650 |
_aCalentamiento global. _931892 |
||
| 650 | 4 |
_aCiudades y pueblos _x Aspectos ambientales. _931893 |
|
| 650 | 4 |
_aCambios climáticos. _x Prevención. _931894 |
|
| 700 | 1 |
_aMontezuma, Ricardo, _ecomp. _9964 |
|
| 700 | 1 |
_aRichy, Fabrice, _ecomp. _924372 |
|
| 942 |
_2ddc _cImpreso |
||
| 999 |
_c8475 _d8475 |
||